000 00230nam a2200097 a 4500
005 20200930075753.0
008 120119s2004 000 spa d
245 0 _aColección navideña.
260 _as. l.,
_cs. f.
999 _c35997
_d35997
040 _aDO-SdBNP